|
|
|
|
| LEADER |
01535nam a2200373 a 4500 |
| 001 |
EBC1097851 |
| 003 |
MiAaPQ |
| 005 |
20200520144314.0 |
| 006 |
m o d | |
| 007 |
cr cn||||||||| |
| 008 |
130103r20121990enkad sb 101 0 eng d |
| 020 |
|
|
|z 9780415532716
|
| 020 |
|
|
|a 9780203108796 (electronic bk.)
|
| 035 |
|
|
|a (MiAaPQ)EBC1097851
|
| 035 |
|
|
|a (Au-PeEL)EBL1097851
|
| 035 |
|
|
|a (CaPaEBR)ebr10635048
|
| 035 |
|
|
|a (CaONFJC)MIL418435
|
| 035 |
|
|
|a (OCoLC)823388811
|
| 040 |
|
|
|a MiAaPQ
|c MiAaPQ
|d MiAaPQ
|
| 050 |
|
4 |
|a HG3881
|b .B36 2012
|
| 245 |
0 |
0 |
|a Banks as multinationals
|h [electronic resource] /
|c edited by Geoffrey Jones.
|
| 260 |
|
|
|a London :
|b Routledge,
|c 2012.
|
| 300 |
|
|
|a xii, 301 p. :
|b ill.
|
| 490 |
0 |
|
|a Routledge library editions. Banking & finance ;
|v v. 18
|
| 500 |
|
|
|a First published in 1990.
|
| 500 |
|
|
|a "[Essays] originated at an international conference held at the University of Reading, Britain during 16-19 August 1989"--P. xi.
|
| 504 |
|
|
|a Includes bibliographical references and index.
|
| 533 |
|
|
|a Electronic reproduction. Ann Arbor, MI : ProQuest, 2015. Available via World Wide Web. Access may be limited to ProQuest affiliated libraries.
|
| 650 |
|
0 |
|a Banks and banking, International
|x History
|v Congresses.
|
| 650 |
|
0 |
|a International business enterprises
|x History
|v Congresses.
|
| 655 |
|
4 |
|a Electronic books.
|
| 700 |
1 |
|
|a Jones, Geoffrey.
|
| 710 |
2 |
|
|a ProQuest (Firm)
|
| 856 |
4 |
0 |
|u https://ebookcentral.proquest.com/lib/matrademy/detail.action?docID=1097851
|z Click to View
|